| 000 | 00494nam a2200157 a 4500 | ||
|---|---|---|---|
| 005 | 20140412111232.0 | ||
| 008 | 010328s19uu xx 00 eng d | ||
| 020 | _a0-88679-191-X | ||
| 050 |
_aTR(GS 707 _bC177 1985 |
||
| 100 | _aCarbol, Betty Williams | ||
| 245 |
_a100 art activities: at your fingertips!. / _cwritten by Betty Williams Carbol ; illustrated by Eric Alley. |
||
| 260 |
_aCompton, CA : _bEducational insights, _c1985. |
||
| 300 | _a10.10 p. | ||
| 650 | _aArt | ||
| 999 |
_c102198 _d102198 |
||